Nuevos desarrollos de la teoría económica / (Registro nro. 3665)
[ vista simple ]
| 000 -LEADER | |
|---|---|
| fixed length control field | 01433nam a2200277Ia 4500 |
| 003 - CONTROL NUMBER IDENTIFIER | |
| control field | OSt |
| 005 - DATE AND TIME OF LATEST TRANSACTION | |
| control field | 20200702195325.0 |
| 008 - FIXED-LENGTH DATA ELEMENTS--GENERAL INFORMATION | |
| fixed length control field | 191128s1982 ck ad gr 000 0dspa d |
| 040 ## - CATALOGING SOURCE | |
| Original cataloging agency | CO-JMCR |
| Transcribing agency | CO-JMCR |
| 041 0# - LANGUAGE CODE | |
| Language code of text/sound track or separate title | spa |
| 082 04 - DEWEY DECIMAL CLASSIFICATION NUMBER | |
| Classification number | 330.9 / |
| Item number | N421n |
| Edition number | 23 |
| 100 1# - MAIN ENTRY--PERSONAL NAME | |
| Personal name | Nell, Edward J., |
| Relator term | autor |
| 9 (RLIN) | 5052 |
| 245 10 - TITLE STATEMENT | |
| Title | Nuevos desarrollos de la teoría económica / |
| Statement of responsibility, etc. | Edward J. Nell, Anuark Shaikh, Jesús A. Bejarano [y otros 4]; editor Alberto Corchuelo |
| 260 ## - PUBLICATION, DISTRIBUTION, ETC. | |
| Place of publication, distribution, etc. | Cali : |
| Name of publisher, distributor, etc. | Universidad del Valle, |
| Date of publication, distribution, etc. | 1982. |
| 300 ## - PHYSICAL DESCRIPTION | |
| Extent | 460 páginas : |
| Other physical details | gráficas en blanco y negro ; |
| Dimensions | 21 cm. |
| 500 ## - GENERAL NOTE | |
| General note | Bibliografía. |
| 505 0# - FORMATTED CONTENTS NOTE | |
| Formatted contents note | Para entender la noción marxista de la explotación : el problema número uno -- La transformación de Marx en Sraffa -- Cinco puntos críticos en la teoría neoclásica de los precios -- De Keyner al análisis post-keynesiano |
| 520 0# - SUMMARY, ETC. | |
| Summary, etc. | Este libro recoge los aportes centrales de destacados economistas e investigadores nacionales y extranjeros asistentes al seminario sobre desarrollos recientes de la teoría económica. |
| 650 14 - SUBJECT ADDED ENTRY--TOPICAL TERM | |
| Topical term or geographic name entry element | Teoría económica |
| General subdivision | Congresos |
| -- | conferencias |
| 9 (RLIN) | 6605 |
| 650 24 - SUBJECT ADDED ENTRY--TOPICAL TERM | |
| Topical term or geographic name entry element | Análisis económico |
| General subdivision | Congresos,conferencias |
| 9 (RLIN) | 6606 |
| 650 24 - SUBJECT ADDED ENTRY--TOPICAL TERM | |
| Topical term or geographic name entry element | Sistemas económicos comparados |
| General subdivision | Congresos, conferencias |
| 9 (RLIN) | 6607 |
| 700 1# - ADDED ENTRY--PERSONAL NAME | |
| Personal name | Shaik, Anuark, |
| Relator term | autor |
| 9 (RLIN) | 6608 |
| 700 1# - ADDED ENTRY--PERSONAL NAME | |
| Personal name | Bejarano, Jesús A., |
| Relator term | autor |
| 9 (RLIN) | 5054 |
| 700 1# - ADDED ENTRY--PERSONAL NAME | |
| Personal name | Corchuelo, Alberto, |
| Relator term | editor |
| 9 (RLIN) | 3143 |
| 942 ## - ADDED ENTRY ELEMENTS (KOHA) | |
| Source of classification or shelving scheme | Dewey Decimal Classification |
| Koha item type | Books |
| Withdrawn status | Lost status | Source of classification or shelving scheme | Materials specified (bound volume or other part) | Damaged status | Not for loan | Home library | Current library | Shelving location | Date acquired | Source of acquisition | Cost, normal purchase price | Total Checkouts | Full call number | Barcode | Date last seen | Date last checked out | Copy number | Price effective from | Koha item type |
|---|---|---|---|---|---|---|---|---|---|---|---|---|---|---|---|---|---|---|---|
| Dewey Decimal Classification | Donación--12/04/2018-- | Biblioteca Pública José María del Castillo y Rada | Biblioteca Pública José María del Castillo y Rada | General Stacks | 11/28/2019 | Donación | 0.00 | 1 | 330.9 / N421n | 201807561 | 05/20/2024 | 05/20/2024 | Ej.1 | 11/28/2019 | Books |